[Event "Zaw Win Lay Myanmar Open"]
[Site "Yangon MYA"]
[Date "2014.11.25"]
[Round "3.2"]
[White "Short,N"]
[Black "Phyo Chit"]
[Result "1-0"]
[WhiteElo "2661"]
[BlackElo "2321"]

1.e4 d6 2.d4 Nf6 3.f3 c6 4.Ne2 Qc7 5.Be3 Nbd7 6.c4 e5 7.Nbc3 Be7 8.d5 Nf8
9.Qd2 Ng6 10.Ng3 O-O 11.Bd3 Re8 12.O-O c5 13.Kh1 a6 14.a4 b6 15.Nf5 Bf8 16.g4 Kh8
17.Rg1 Ng8 18.Rg3 Rb8 19.Rag1 Bd7 20.b3 Rb7 21.Rh3 Qc8 22.Rgg3 f6 23.Rh5 Nf4
24.Bxf4 exf4 25.Qxf4 g5 26.Qd2 Re5 27.Ne2 Be8 28.Rhh3 b5 29.axb5 axb5 30.f4 gxf4
31.Nxf4 bxc4 32.bxc4 Qa8 33.Rg1 Bf7 34.Qf2 Qa3 35.Qh4 h6 36.g5 fxg5 37.Qxg5  1-0

[Event "Zaw Win Lay Myanmar Open"]
[Site "Yangon MYA"]
[Date "2014.11.25"]
[Round "4.2"]
[White "Tin,Jingyao"]
[Black "Short,N"]
[Result "0-1"]
[WhiteElo "2358"]
[BlackElo "2661"]

1.d4 Nf6 2.c4 e6 3.Nc3 Bb4 4.Qc2 d5 5.a3 Bxc3+ 6.Qxc3 c5 7.e3 Ne4 8.Qc2 Qa5+
9.Bd2 Qxd2+ 10.Qxd2 Nxd2 11.Kxd2 cxd4 12.exd4 Nc6 13.cxd5 Nxd4 14.Kc3 Nf5
15.Bb5+ Ke7 16.Re1 Rd8 17.Bd3 Kf6 18.Bxf5 Kxf5 19.Rd1 exd5 20.Nf3 Kf6 21.Nd4 Bg4
22.Rc1 Rac8+ 23.Kd3 Bh5 24.b3 g5 25.Rxc8 Rxc8 26.Re1 Bg6+ 27.Kd2 a5 28.a4 g4
29.Re3 Be4 30.f3 gxf3 31.gxf3 Bb1 32.Re1 Bg6 33.h4 h6 34.Re3 Bh7 35.Re1 Rg8
36.Rc1 Ke5 37.Ke3 Re8 38.h5 f6 39.f4+ Kd6+ 40.Kf3 Be4+ 41.Kf2 Rg8 42.Nb5+ Ke6
43.Nd4+ Kd7 44.Nb5 Rg2+ 45.Kf1 Rc2 46.Rd1 Rh2 47.Rd4 Ke6 48.b4 Kf5  0-1

[Event "Zaw Win Lay Myanmar Open"]
[Site "Yangon MYA"]
[Date "2014.11.26"]
[Round "5.2"]
[White "Short,N"]
[Black "Arun Prasad,S"]
[Result "1/2-1/2"]
[WhiteElo "2661"]
[BlackElo "2482"]

1.d4 Nf6 2.Nf3 e6 3.g3 b5 4.Bg2 d5 5.O-O Nbd7 6.c3 c5 7.Bf4 Bb7 8.a4 b4 9.cxb4 cxb4
10.a5 Be7 11.Nbd2 O-O 12.Qa4 Ba6 13.Rfe1 Rc8 14.Nb3 Bc4 15.Nfd2 a6 16.Nxc4 dxc4
17.Nd2 Nd5 18.Nf3 N7f6 19.Bg5 c3 20.bxc3 Nxc3 21.Qb3 Qd5 22.Qxd5 exd5 23.Nd2 h6
24.Bxf6 Bxf6 25.e3 Be7 26.Nb3 f5 27.Rac1 Rc7 28.Rc2 g6 29.Bf1 Rc6 30.Bd3 Kg7
31.Kg2 Rfc8  1/2-1/2

[Event "Zaw Win Lay Myanmar Open"]
[Site "Yangon MYA"]
[Date "2014.11.26"]
[Round "6.3"]
[White "Venkatesh,M"]
[Black "Short,N"]
[Result "1-0"]
[WhiteElo "2477"]
[BlackElo "2661"]

1.e4 c5 2.Nf3 d6 3.d4 cxd4 4.Nxd4 Nf6 5.Nc3 Nc6 6.Bg5 e6 7.Qd2 Be7 8.O-O-O O-O
9.f4 Nxd4 10.Qxd4 Qa5 11.h4 h6 12.Qe3 Rd8 13.Be2 Kf8 14.Kb1 d5 15.e5 hxg5
16.hxg5 Ng8 17.Rh8 Bb4 18.Nb5 Bd7 19.a3 Be7 20.Rdh1  1-0

[Event "Zaw Win Lay Myanmar Open"]
[Site "Yangon MYA"]
[Date "2014.11.28"]
[Round "7.5"]
[White "Short,N"]
[Black "Zaw Oo"]
[Result "1-0"]
[WhiteElo "2661"]
[BlackElo "2259"]

1.c4 Nf6 2.Nc3 g6 3.g3 Bg7 4.Bg2 O-O 5.e4 d6 6.Nge2 c5 7.d4 cxd4 8.Nxd4 Nc6
9.Nxc6 bxc6 10.e5 dxe5 11.Qxd8 Rxd8 12.Bxc6 Rb8 13.O-O Be6 14.b3 Rd3 15.Na4 Rc8
16.Bb7 Rc7 17.Bg2 Rd8 18.Bb2 Nd7 19.Rad1 Rb8 20.Ba3 Bf8 21.Rfe1 f6 22.Nc3 a6
23.Nd5 Bxd5 24.Rxd5 e6 25.Bd6 Bxd6 26.Rxd6 Nc5 27.Red1 Kf7 28.Rd8 Rxd8 29.Rxd8 Rd7
30.Rxd7+ Nxd7 31.b4 Ke7 32.c5 Kd8 33.Bf1 a5 34.c6 Nb6 35.bxa5 Nc8 36.Bc4 Na7
37.Bxe6 Nxc6 38.a6 Kc7 39.Bg8 h6 40.Bf7 g5 41.Bd5 Na7 42.g4 Kb6 43.Bc4 Nc6
44.Kg2 Nd4 45.Bd3 Ka7 46.Kg3 Kb6 47.h4 Ka7 48.h5 Kb6 49.Kg2 Ka7 50.Kf1 Kb6
51.Ke1 Ka7 52.Kd2 Kb6 53.Kc3 Ne6 54.Kd2 Nd4 55.Kc3 Ne6 56.Kc4 Nf4 57.Be4 Nh3
58.f3 Nf4 59.a7 Kxa7 60.Kc5  1-0

[Event "Zaw Win Lay Myanmar Open"]
[Site "Yangon MYA"]
[Date "2014.11.28"]
[Round "8.3"]
[White "Gong Qianyun"]
[Black "Short,N"]
[Result "0-1"]
[WhiteElo "2349"]
[BlackElo "2661"]

1.e4 e6 2.d3 d5 3.Nd2 Nf6 4.Ngf3 Nc6 5.g3 dxe4 6.dxe4 Bc5 7.Bg2 a5 8.O-O e5
9.c3 O-O 10.Qc2 Be6 11.Ng5 Bg4 12.Nc4 Nd7 13.h3 Bh5 14.g4 Bg6 15.Nf3 Re8
16.Rd1 Qc8 17.Ne3 Nd8 18.Nf5 f6 19.Be3 Ne6 20.Rd2 Ndf8 21.Rad1 Kh8 22.Bf1 Bxe3
23.fxe3 Qb8 24.Bb5 Rd8 25.Rxd8 Nxd8 26.g5 Qa7 27.gxf6 gxf6 28.Qf2 Qb6 29.Bf1 Bxf5
30.exf5 Nf7 31.e4 Qxf2+ 32.Kxf2 Nd6 33.Ke3 Nd7 34.Nd2 Nc5 35.Kf3 Kg7 36.b3 Kh6
37.Be2 b6 38.Rg1 b5 39.a3 Rd8 40.Ke3 c6 41.Rg4 a4 42.Rh4+ Kg7 43.Rg4+ Kf8
44.bxa4 Nxa4 45.c4 Nc5 46.cxb5 Nxb5 47.Rg1 Ra8 48.Nb1 Ra4 49.Rc1 Rxe4+ 50.Kf3 Rf4+
51.Kg3 Ne4+  0-1

[Event "South African Open 2015"]
[Site "Cape Town RSA"]
[Date "2015.07.03"]
[Round "1.1"]
[White "Short,N"]
[Black "Darling,Simeon C."]
[Result "1-0"]
[WhiteElo "2683"]
[BlackElo "1925"]

1.d4 Nf6 2.c4 e6 3.Nf3 Bb4+ 4.Nbd2 O-O 5.a3 Bxd2+ 6.Bxd2 d6 7.Bg5 Qe7 8.e3 e5
9.Be2 Re8 10.O-O Nbd7 11.d5 h6 12.Bh4 Nf8 13.Nd2 Ng6 14.Bg3 a5 15.b4 c6 16.dxc6 bxc6
17.b5 Bb7 18.a4 d5 19.Re1 Red8 20.Qc2 Ne4 21.Nxe4 dxe4 22.c5 Rd5 23.Rac1 Kh8
24.Qxe4 Rxc5 25.Rxc5 Qxc5 26.Bf3 Rc8 27.h4 Ba8 28.b6 Qxb6 29.Qf5 Rd8 30.Qxf7 c5
31.Bxa8 Rxa8 32.h5  1-0

[Event "South African Open 2015"]
[Site "Cape Town RSA"]
[Date "2015.07.04"]
[Round "2.1"]
[White "Amini,D"]
[Black "Short,N"]
[Result "0-1"]
[WhiteElo "2041"]
[BlackElo "2683"]

1.d4 e6 2.c4 b6 3.Nf3 Bb7 4.g3 Bb4+ 5.Nbd2 Bxf3 6.exf3 Nf6 7.Bg2 Nc6 8.a3 Bxd2+
9.Qxd2 d5 10.Qc3 dxc4 11.f4 Na5 12.Bxa8 Qxa8 13.O-O Nd5 14.Qf3 Nb3 15.Rb1 Nxd4
16.Qd1 c5 17.Be3 Nf5 18.Qe2 c3 19.Qb5+ Ke7 20.Rbe1 h5 21.bxc3 h4 22.g4 Nfxe3
23.fxe3 Nxc3 24.Qb2 h3 25.e4 Nxe4 26.f5 f6 27.Qe2 Ng5 28.fxe6 Rd8 29.Rf5 Rd4
30.Rxg5 fxg5 31.Rf1 Qe4  0-1

[Event "South African Open 2015"]
[Site "Cape Town RSA"]
[Date "2015.07.04"]
[Round "3.1"]
[White "Short,N"]
[Black "Van Rensburg,R"]
[Result "1-0"]
[WhiteElo "2683"]
[BlackElo "2208"]

1.d4 Nf6 2.c4 Nc6 3.Nf3 e6 4.Bf4 Bb4+ 5.Nbd2 O-O 6.a3 Bxd2+ 7.Qxd2 d6 8.b4 Qe7
9.b5 Nb8 10.e3 Nbd7 11.Qb2 Re8 12.Be2 e5 13.Bg3 exd4 14.Nxd4 Nc5 15.O-O Nfe4
16.a4 a5 17.Bf3 Qf6 18.Bxe4 Rxe4 19.Ra3 Bd7 20.f3 Re7 21.e4 Ne6 22.Rd1 b6
23.Qf2 Nxd4 24.Rxd4 Qh6 25.Rad3 Be6 26.Rd1 f5 27.e5 dxe5 28.Bxe5 Bxc4 29.Bxg7 Qe6
30.Bh6 Qxh6 31.Rxc4 Rae8 32.h3 Qg5 33.Rc2 Qf4 34.Qd2 Qg3 35.Rf1 Re1 36.f4 R8e4
37.Qd8+ Re8 38.Qg5+ Qxg5 39.fxg5 Rxf1+ 40.Kxf1 Re4 41.Rxc7 Rxa4 42.Rb7 Rb4
43.Rxb6 Kg7 44.Kf2 a4 45.Kf3 a3 46.Ra6 Rxb5 47.Rxa3 Kg6 48.h4 Rb6 49.Ra8 Rb3+
50.Kf2 Rb2+ 51.Kg3 Rb3+ 52.Kh2 Rb6 53.g3 Rb2+ 54.Kh3 Rb6 55.Ra5 Rd6 56.Re5 Rb6
57.Kg2 Rb2+ 58.Kf3 Rb3+ 59.Re3 Rb6 60.Rd3 Re6 61.Rd4 Ra6 62.Kf4 Rb6 63.Ke5 Rb3  1-0

[Event "South African Open 2015"]
[Site "Cape Town RSA"]
[Date "2015.07.05"]
[Round "4.1"]
[White "Oberholzer,Francois"]
[Black "Short,N"]
[Result "0-1"]
[WhiteElo "1930"]
[BlackElo "2683"]

1.e4 e5 2.Nf3 Nc6 3.Bb5 a6 4.Ba4 Nf6 5.d3 d6 6.c3 g6 7.O-O Bg7 8.Nbd2 O-O
9.Re1 b5 10.Bc2 Bb7 11.Nf1 Re8 12.a4 Nb8 13.Ne3 Nbd7 14.h3 d5 15.exd5 Nxd5
16.Ng4 h5 17.Nh6+ Kf8 18.Bg5 Bf6 19.Qd2 Kg7 20.d4 N5b6 21.Bb3 Bxf3 22.Nxf7 Bxg5
23.Nxg5 Bd5 24.Bxd5 Nxd5 25.dxe5 Nc5 26.Rad1 c6 27.e6 Qf6 28.axb5 axb5 29.h4 Nxe6  0-1

[Event "South African Open 2015"]
[Site "Cape Town RSA"]
[Date "2015.07.05"]
[Round "5.1"]
[White "Short,N"]
[Black "Solomon,K"]
[Result "1-0"]
[WhiteElo "2683"]
[BlackElo "2382"]

1.e4 e5 2.Nf3 Nc6 3.Bb5 a6 4.Ba4 Nf6 5.O-O Be7 6.Re1 b5 7.Bb3 d6 8.c3 O-O
9.a4 Bd7 10.d4 exd4 11.cxd4 Nb4 12.Nc3 bxa4 13.Bxa4 Bxa4 14.Qxa4 d5 15.e5 Ne4
16.Nxe4 dxe4 17.Rxe4 Qd5 18.Rg4 Rfb8 19.Qd1 Rb6 20.Bg5 Qe6 21.h3 Nd5 22.Bxe7 Qxe7
23.Ra5 Rd8 24.Qc1 f5 25.exf6 Nxf6 26.Rgg5 Rbd6 27.Rac5 Nd5 28.Re5 Qd7 29.Qc4 Kh8
30.Qc2 g6 31.Qe4 c6 32.Rc1 Rf8 33.Re1 Rdf6 34.Re8 Rxe8 35.Qxe8+ Qxe8 36.Rxe8+ Kg7
37.Ne5 Nb4 38.Re7+ Kg8 39.Rd7 Rf4 40.f3 Rf6 41.h4 Re6 42.f4 Nd5 43.g3 Ne3
44.Kf2 Nf5 45.g4 Ne7 46.Rd8+ Kg7 47.Re8  1-0

[Event "South African Open 2015"]
[Site "Cape Town RSA"]
[Date "2015.07.06"]
[Round "6.1"]
[White "Kunte,A"]
[Black "Short,N"]
[Result "1/2-1/2"]
[WhiteElo "2483"]
[BlackElo "2683"]

1.d4 Nf6 2.c4 e6 3.Nf3 d5 4.g3 Bb4+ 5.Bd2 Be7 6.Bg2 O-O 7.O-O c6 8.Qc2 Nbd7
9.Rd1 b5 10.c5 a5 11.Bf4 b4 12.Nbd2 Nh5 13.a3 Nxf4 14.gxf4 Ba6 15.e3 Qb8
16.axb4 axb4 17.Ra4 Qb7 18.Rda1 Bb5 19.Rxa8 Rxa8  1/2-1/2

[Event "South African Open 2015"]
[Site "Cape Town RSA"]
[Date "2015.07.07"]
[Round "7.1"]
[White "Short,N"]
[Black "Strikovic,A"]
[Result "1/2-1/2"]
[WhiteElo "2683"]
[BlackElo "2495"]

1.e4 d6 2.Nc3 e5 3.Bc4 Nf6 4.d3 Be7 5.f4 Nc6 6.Nf3 exf4 7.Bxf4 O-O 8.a3 Bg4
9.h3 Bxf3 10.Qxf3 Ne5 11.Bxe5 dxe5 12.O-O c6 13.Kh1 g6 14.Ne2 Kg7 15.Rad1 Qc7
16.g4 h5 17.gxh5 Nxh5 18.Rg1 Nf4 19.Nxf4 exf4 20.Rg4 Rh8 21.Rxf4 f6 22.Rg4 Rh6
23.Kg2 Rah8 24.c3 Rh5 25.Rg1 R8h6 26.Rh1 b5 27.Bb3 a5 28.d4 b4 29.axb4 axb4
30.Qd3 bxc3 31.Qc4 Qd8 32.bxc3 f5 33.exf5 Rxf5 34.Re1  1/2-1/2

[Event "South African Open 2015"]
[Site "Cape Town RSA"]
[Date "2015.07.08"]
[Round "8.1"]
[White "Chumfwa,S"]
[Black "Short,N"]
[Result "0-1"]
[WhiteElo "2311"]
[BlackElo "2683"]

1.e4 e6 2.d4 d5 3.Nd2 h6 4.Ngf3 Nf6 5.e5 Nfd7 6.Bd3 c5 7.c3 Nc6 8.a3 Qb6
9.O-O cxd4 10.cxd4 Be7 11.Nb3 a5 12.a4 Ndb8 13.Be3 Nb4 14.Ne1 N8a6 15.Bb5+ Bd7
16.Bxd7+ Kxd7 17.Nd3 Nxd3 18.Qxd3 Nb4 19.Qd1 Rhc8 20.Nc5+ Bxc5 21.dxc5 Qa6
22.Qg4 Rg8 23.Rad1 Kc7 24.c6 b6 25.Rd4 Nxc6 26.Rf4 Nxe5 27.Rxf7+ Nxf7 28.Qxe6 Rac8
29.Qxf7+ Kb8 30.Qxd5 Qb7 31.Qb5 Rgd8 32.h3 Rd5 33.Qb3 b5 34.axb5 Qxb5 35.Qxb5+ Rxb5
36.Bd4 g6 37.Re1 Rc4 38.Bc3 a4 39.Re6 a3 40.Be5+  0-1

[Event "South African Open 2015"]
[Site "Cape Town RSA"]
[Date "2015.07.09"]
[Round "9.1"]
[White "Short,N"]
[Black "Cawdery,D"]
[Result "1-0"]
[WhiteElo "2683"]
[BlackElo "2428"]

1.c4 Nf6 2.Nc3 d5 3.cxd5 Nxd5 4.g3 g6 5.Bg2 Nb6 6.d3 Bg7 7.Be3 Nc6 8.Nf3 O-O
9.Qd2 e5 10.h4 Qe7 11.h5 Nd4 12.hxg6 fxg6 13.Ng5 h5  1-0

[Event "South African Open 2015"]
[Site "Cape Town RSA"]
[Date "2015.07.10"]
[Round "10.1"]
[White "Makoto,R"]
[Black "Short,N"]
[Result "1/2-1/2"]
[WhiteElo "2403"]
[BlackElo "2683"]

1.Nf3 d5 2.c4 d4 3.g3 Nc6 4.Bg2 e5 5.d3 Bb4+ 6.Bd2 a5 7.O-O Nf6 8.Na3 Bxd2
9.Qxd2 O-O 10.Nc2 Re8 11.e3 dxe3 12.Nxe3 h6 13.Rfd1 Be6 14.d4 exd4 15.Nxd4 Nxd4
16.Qxd4 c6 17.Qxd8 Rexd8 18.b3 Nd7 19.f4 f6 20.Rd6 Nc5 21.Rad1 Rxd6 22.Rxd6 Kf8
23.Kf2 Ke7 24.Rd2 Ra6 25.Nc2 Ra8 26.Ke3 Re8 27.Kd4 Rd8+ 28.Ke3 Rxd2 29.Kxd2 Kd6
30.Nd4 Bd7 31.a3 b6 32.Kc3 Na6 33.Be4 Nc7 34.b4 axb4+ 35.axb4 c5 36.Nf5+ Bxf5
37.Bxf5 Ke7 38.bxc5 bxc5 39.Kd2 Ne8 40.Bd3 Nd6 41.Ke3 Ke6 42.Kf3 f5 43.h3 Kf6
44.Ke3 Ne8 45.g4 fxg4 46.hxg4 Nd6 47.Bf1 g5 48.Be2 Ke6 49.Bd3 Ne8 50.Be2 Nf6
51.Kf3 Kd6 52.Bd3 Kc7 53.Bf5 Kb6 54.Ke3 Ka5 55.Be6 Kb4 56.Kf3 Kc3 57.Kf2 Kb2
58.Kf3 Kc1 59.Ke3 Kd1 60.fxg5 hxg5 61.Kd3 Ke1 62.Ke3 Kf1 63.Kf3 Kg1 64.Kg3 Ne4+
65.Kf3 Nd6 66.Kg3 Kf1 67.Kf3 Ke1 68.Ke3 Kd1 69.Kd3 Kc1 70.Kc3 Ne4+ 71.Kd3 Nf6
72.Kc3  1/2-1/2

[Event "South African Open 2015"]
[Site "Cape Town RSA"]
[Date "2015.07.11"]
[Round "11.1"]
[White "Short,N"]
[Black "Kobese,W"]
[Result "1/2-1/2"]
[WhiteElo "2683"]
[BlackElo "2328"]

1.e4 e6 2.d4 b6 3.Nf3 Bb7 4.Bd3 h6 5.O-O d6 6.c4 Nd7 7.Nc3 Ne7 8.Be3 a6 9.d5 c5
10.Rb1 e5 11.b4 Nc8 12.Bc2 cxb4 13.Rxb4 Be7 14.Ba4 O-O 15.Qb1 b5 16.cxb5 a5
17.Rc4 Ncb6 18.Rc6 Kh8 19.Rd1 Rb8 20.Bb3 Nc5 21.Bxc5 dxc5 22.d6 Bxc6 23.bxc6 Bxd6
24.Nb5 Qe7 25.Rxd6 c4 26.Bc2 Na8 27.Rd5 Nc7 28.Rxe5 Qf6 29.a4 Qxc6 30.Qa1 Rfe8
31.Nfd4 Qb6 32.Rf5 f6 33.Qc3 Na6 34.Nf3 Nb4 35.e5 fxe5 36.Nxe5 Nxc2 37.Qxc2 Qe6
38.Rh5 Rbc8 39.g3 Kg8 40.Nd4 Qb6 41.Ndf3 Qe6 42.Qc3 Qb6 43.Nxc4 Qc6 44.Rh4 Qxa4
45.Qxa5 Qd1+ 46.Kg2 Rf8 47.Qa3 Ra8 48.Qe3 Ra1 49.Ncd2 Rxf3 50.Qxf3 Qxd2 51.Rc4 Qd8
52.Rb4 Ra8 53.Rb2 Qf8 54.Qd5+ Kh8 55.Rb7 Qe8 56.Rd7 Rc8 57.h4 Qg6 58.Rd6 Qe8  1/2-1/2

[Event "PokerStars IoM Masters"]
[Site "Douglas ENG"]
[Date "2015.10.08"]
[Round "6.5"]
[White "Short,N"]
[Black "Movsesian,S"]
[Result "1-0"]
[WhiteElo "2678"]
[BlackElo "2658"]

1.e4 c5 2.Nf3 e6 3.b3 a6 4.Bb2 d5 5.exd5 exd5 6.Bd3 Bg4 7.O-O Ne7 8.Re1 Nc6
9.h3 Bh5 10.Nc3 Qd6 11.Bf5 d4 12.Ne4 Qf4 13.g4 Bg6 14.Nh4 Bxf5 15.Nxf5 Kd8
16.Nfg3 Ng6 17.Nh5 Qc7 18.c3 Nf4 19.Qf3 Ne6 20.Rac1 Rc8 21.Neg3 Qd7 22.Nf5 Kc7
23.cxd4 cxd4 24.Nf4 Kb8 25.Nxe6 fxe6 26.Nxd4 Nxd4 27.Qf4+ Bd6 28.Qxd4 g6
29.Kg2 Rhd8 30.Rxc8+ Rxc8 31.Qe4 Bc7 32.Qxe6 Qxd2 33.Re2 Qd3 34.Be5 Bxe5
35.Qxe5+ Ka8 36.Qe4 Qd1 37.Re1 Qd2 38.a4 Rf8 39.Re2 Qd6 40.Re3 Rf4 41.Rd3 Qc7
42.Qe8+ Ka7 43.Rd8 Rb4 44.Ra8+ Kb6 45.Rc8 Qd6 46.Qe3+ Qd4 47.Qe6+ Ka7 48.Rc4 Rxc4
49.Qxc4 Qe5 50.b4 Kb8 51.a5 Qd6 52.Qc5 Qe6 53.Kg3 Qe1 54.h4 Ka8 55.Qd4 Qe7
56.Qc5 Qd8 57.f3 Qd1 58.Qc8+ Ka7 59.Qc3 Ka8 60.Kf4 Qd8 61.Kg3 Qd1 62.Qe3 Qd6+
63.Qf4 Qd1 64.Qe4 Qd6+ 65.f4 h6 66.Kh3 Qd1 67.f5 Qf1+ 68.Kg3 Qg1+ 69.Kf4 Qh2+
70.Ke3 Qg1+ 71.Ke2 Qh2+ 72.Kd3 Qg3+ 73.Kd2 Qf2+ 74.Kc3 Qg3+ 75.Kc2 Qf2+ 76.Kc3 Qg3+
77.Kc4 Qc7+ 78.Kd5 Qd7+ 79.Kc4 Qc7+ 80.Kd4 Qd6+ 81.Qd5 Qf4+ 82.Kd3 Qg3+ 83.Kc2 Qf2+
84.Qd2 Qxh4 85.fxg6 Qxg4 86.Qd8+ Ka7 87.Qb6+ Ka8 88.Qd8+ Ka7 89.Qf6 Qc4+
90.Kd1 Qd3+ 91.Ke1 Qe3+ 92.Kf1 Qd3+ 93.Kf2 Qd2+ 94.Kf3 Qd1+ 95.Ke4 Qg4+ 96.Ke5 Qg3+
97.Ke6 Qb3+ 98.Kd7 h5 99.g7 h4 100.Qf2+ Ka8 101.Qf8+ Ka7 102.g8=Q Qa4+ 103.Kd8 Qd1+
104.Ke7 Qe1+ 105.Qe6 Qxb4+ 106.Kf7  1-0

[Event "50th Begonia Open 2016"]
[Site "Ballarat AUS"]
[Date "2016.03.12"]
[Round "2.1"]
[White "Sandler,L"]
[Black "Short,N"]
[Result "1/2-1/2"]
[WhiteElo "2228"]
[BlackElo "2671"]

1.d4 Nc6 2.e4 d5 3.e5 Bf5 4.Nf3 Qd7 5.Bd3 f6 6.O-O O-O-O 7.c3 g5 8.Re1 h5
9.Qc2 Nh6 10.b4 Bxd3 11.Qxd3 Qf5 12.Qe2 h4 13.Nbd2 h3 14.b5 Nb8 15.g3 Nf7
16.Ba3 g4 17.Nh4 Rxh4 18.gxh4 fxe5 19.Nf1 e4 20.Ne3 Qf3 21.Qxf3 gxf3 22.Kh1 c6
23.Rab1 e6 24.Bxf8 Rxf8 25.bxc6 Nxc6 26.Rg1 Rh8 27.Rg4 Nd6 28.Rbg1 Ne7 29.R1g3 Kd7
30.Rxh3 Ndf5 31.Nd1 b5 32.h5 Rh6 33.a3 Ke8 34.Kg1 Kf7 35.Kf1 Nd6 36.Ne3 Nef5
37.Rf4 Rh8 38.h6 Rh7 39.Ke1 Kg6 40.Rg4+ Kf6 41.Rg8 Nxe3 42.fxe3 Nc4 43.Kf2 Nb2
44.Ke1 Nc4 45.Kf2 Nb2 46.Ke1  1/2-1/2

[Event "50th Begonia Open 2016"]
[Site "Ballarat AUS"]
[Date "2016.03.13"]
[Round "5.3"]
[White "Short,N"]
[Black "Ikeda,J"]
[Result "1-0"]
[WhiteElo "2671"]
[BlackElo "2397"]

1.e4 c5 2.Nf3 e6 3.b3 b6 4.Bb2 Bb7 5.Nc3 a6 6.d4 cxd4 7.Nxd4 Qc7 8.Qd2 Nf6
9.f3 Nc6 10.Nxc6 Bxc6 11.O-O-O Be7 12.Kb1 O-O 13.Bd3 b5 14.g4 d6 15.h4 Rfd8
16.Qg2 b4 17.Ne2 e5 18.Ng3 Bb5 19.g5 Nd7 20.Nf5 Nc5 21.h5 Bf8 22.f4 Nxd3
23.cxd3 a5 24.fxe5 a4 25.Nh6+ Kh8 26.g6 Be8 27.gxf7 Bxf7 28.exd6 Rxd6 29.Nf5 Bxb3
30.h6 Bxa2+ 31.Ka1  1-0

[Event "50th Begonia Open 2016"]
[Site "Ballarat AUS"]
[Date "2016.03.14"]
[Round "6.1"]
[White "Short,N"]
[Black "Izzat,Kanan"]
[Result "1-0"]
[WhiteElo "2671"]
[BlackElo "2491"]

1.e4 c6 2.d4 d5 3.e5 c5 4.c3 Nc6 5.Ne2 Bg4 6.Be3 e6 7.a3 Nge7 8.f3 Bf5 9.b4 cxd4
10.cxd4 Nc8 11.g4 Bg6 12.Bg2 Nb6 13.O-O Nc4 14.Bf2 Bxb1 15.Qxb1 Nd2 16.Qd3 Nxf1
17.Rxf1 Be7 18.f4 Bh4 19.Be3 Qe7 20.Bd2 a6 21.Kh1 Na7 22.Ng1 Qd8 23.g5 h6
24.Qh3 hxg5 25.fxg5 Qc7 26.Nf3 Qc2 27.Be1 Rc8 28.Nxh4 Nb5 29.g6 Nxd4 30.gxf7+ Kd7
31.Qg4 g5 32.Qxd4 gxh4 33.Bxd5  1-0

[Event "50th Begonia Open 2016"]
[Site "Ballarat AUS"]
[Date "2016.03.14"]
[Round "7.1"]
[White "Illingworth,M"]
[Black "Short,N"]
[Result "1/2-1/2"]
[WhiteElo "2486"]
[BlackElo "2671"]

1.e4 e5 2.Nf3 Nc6 3.Bb5 a6 4.Ba4 d6 5.Bxc6+ bxc6 6.d4 exd4 7.Qxd4 c5 8.Qd3 Be7
9.O-O Bb7 10.Re1 Nf6 11.c4 O-O 12.Nc3 Re8 13.Rb1 Qd7 14.h3 Rad8 15.b3 h6
16.Bf4 Bf8 17.Bh2 Re6 18.Re3 Rde8 19.Rbe1 g6 20.Nd5 Nxd5 21.exd5 Rxe3 22.Rxe3 c6
23.Nd2 f5 24.g4 Rxe3 25.fxe3 cxd5 26.cxd5 Qf7 27.e4 fxe4 28.Nxe4 Bg7 29.Nxd6 Qxd5  1/2-1/2

[Event "16th BCC Open 2016"]
[Site "Bangkok THA"]
[Date "2016.04.10"]
[Round "1.2"]
[White "Short,N"]
[Black "Milligan,H"]
[Result "1-0"]
[WhiteElo "2671"]
[BlackElo "2024"]

1.e4 e5 2.Nf3 Nc6 3.Bb5 a6 4.Ba4 Nf6 5.O-O Be7 6.Re1 b5 7.Bb3 d6 8.c3 O-O
9.a3 Na5 10.Ba2 Bg4 11.h3 Bh5 12.d3 c5 13.Nbd2 Qc7 14.Nf1 c4 15.Bg5 Rac8
16.Ne3 h6 17.Bxf6 Bxf6 18.Nd5 Qd8 19.a4 Nb7 20.axb5 axb5 21.dxc4 bxc4 22.Qe2 Bxf3
23.Qxf3 Bg5 24.g3 Rc5 25.h4 Be7 26.Bb1 Na5 27.Ra4 Qd7 28.Bc2 Bd8 29.Rd1 Re8
30.Rb4 Rf8 31.Ba4 Qe6 32.Qf5 g6 33.Qxe6 fxe6 34.Nb6 Nc6 35.Bxc6 Rxc6 36.Nxc4 Bc7
37.Kf1 Rd8 38.Ke2 Kf7 39.Ne3 Bb6 40.Rc4 Rdc8 41.Rxd6 Rxc4 42.Nxc4 Bxf2 43.Kxf2 Rxc4
44.Ke3 Ke7 45.Ra6 Rc8 46.Ra7+ Kf6 47.g4 g5 48.hxg5+ Kxg5 49.Rg7+ Kf6 50.Rh7 Kg6
51.Rd7 Rf8 52.b4 Rf4 53.b5 Rxg4 54.b6 Rg1 55.b7 Rb1 56.c4  1-0

[Event "16th BCC Open 2016"]
[Site "Bangkok THA"]
[Date "2016.04.11"]
[Round "2.2"]
[White "Sie Thu"]
[Black "Short,N"]
[Result "0-1"]
[WhiteElo "2212"]
[BlackElo "2671"]

1.Nf3 Nf6 2.e3 g6 3.b4 Bg7 4.Bb2 O-O 5.Be2 b6 6.O-O c5 7.a3 Bb7 8.d3 e6 9.Nbd2 Qe7
10.Rb1 Na6 11.b5 Nc7 12.a4 d6 13.Re1 e5 14.e4 Nd7 15.Bf1 a6 16.c4 Ne6 17.Ra1 f5
18.a5 g5 19.Kh1 g4 20.Ng1 h5 21.axb6 axb5 22.Rxa8 Bxa8 23.exf5 Rxf5 24.Qa1 Nxb6
25.Qa5 Qc7 26.Qxb5 Bc6 27.Qb3 Rxf2 28.Ne4 Bxe4 29.dxe4 Bh6 30.Bc3 Nd7 31.Ra1 Ndf8
32.Ne2 h4 33.Ba5 Qf7 34.Kg1 Nd4 35.Qd3 Ng6 36.Nxd4 exd4 37.Be1 Be3  0-1

[Event "16th BCC Open 2016"]
[Site "Bangkok THA"]
[Date "2016.04.11"]
[Round "3.2"]
[White "Short,N"]
[Black "Dang,H"]
[Result "0-1"]
[WhiteElo "2671"]
[BlackElo "2325"]

1.e4 g6 2.d4 d6 3.Be3 Bg7 4.Ne2 Nd7 5.Qd2 a6 6.f3 Ngf6 7.g4 h6 8.a4 b6 9.c4 c5
10.Nbc3 Bb7 11.Rd1 Rc8 12.d5 Ne5 13.Ng1 Qc7 14.Be2 Rd8 15.h4 Bc8 16.Nh3 Bd7
17.Nf2 Rb8 18.Kf1 h5 19.g5 Nh7 20.Kg2 Qc8 21.Rdg1 O-O 22.Kf1 f5 23.gxf6 Nxf6
24.Rg3 Qe8 25.Rhg1 Qf7 26.Ke1 Kh8 27.b3 b5 28.cxb5 axb5 29.axb5 Ra8 30.Qc1 Ra5
31.Nd3 Nh7 32.Bh6 Nxd3+ 33.Bxd3 Bxh6 34.Qxh6 Qf6 35.Nd1 Be8 36.b6 Bf7 37.f4 Ra1
38.e5 dxe5 39.Bxg6 Bg8 40.f5 Qxb6 41.Qxh5 Qb4+ 42.Kf1 Qd2  0-1

[Event "16th BCC Open 2016"]
[Site "Bangkok THA"]
[Date "2016.04.13"]
[Round "5.7"]
[White "Short,N"]
[Black "Saeheng,B"]
[Result "1-0"]
[WhiteElo "2671"]
[BlackElo "2292"]

1.e4 d5 2.exd5 Qxd5 3.Nc3 Qd8 4.Bc4 Nf6 5.d3 e6 6.Nf3 a6 7.a4 Be7 8.O-O O-O
9.Ne4 Nxe4 10.dxe4 Qxd1 11.Rxd1 b6 12.Bf4 Ra7 13.Nd4 Rd8 14.c3 Bd7 15.Kf1 Kf8
16.f3 Ke8 17.Ke2 c5 18.Nb3 Nc6 19.Bg3 Bc8 20.Rxd8+ Kxd8 21.Kd1 Ke8 22.Kc2 Bd7
23.Be2 Bc8 24.Bf2 a5 25.Bg3 f6 26.Nd2 e5 27.Bb5 Bd7 28.Nc4 Rb7 29.Rd1 Nb8
30.Bxd7+ Nxd7 31.f4 exf4 32.Bxf4 Kf7 33.Rd6 g5 34.Bg3 b5 35.axb5 Rxb5 36.Rxd7  1-0

[Event "16th BCC Open 2016"]
[Site "Bangkok THA"]
[Date "2016.04.14"]
[Round "6.4"]
[White "Wynn Zaw Htun"]
[Black "Short,N"]
[Result "1-0"]
[WhiteElo "2407"]
[BlackElo "2671"]

1.Nf3 Nf6 2.g3 d5 3.Bg2 c6 4.c4 dxc4 5.a4 Na6 6.Na3 Qd5 7.O-O Nc5 8.Ne1 Qe6
9.Nec2 g6 10.Ne3 Nb3 11.Rb1 Bh6 12.Naxc4 Nxc1 13.Qxc1 O-O 14.b4 Bd7 15.Qa3 Rac8
16.Rfc1 Ne4 17.b5 b6 18.d4 cxb5 19.axb5 Rxc4 20.Rxc4 Nxf2 21.Rc3 Ne4 22.Rd3 Rc8
23.Bf3 Nd2 24.Rb4 Nxf3+ 25.exf3 Rc7 26.Rb1 Bf8 27.Rc3 Rxc3 28.Qxc3 Qa2 29.Qb2 Qa4
30.Ra1 Qxb5 31.Qxb5 Bxb5 32.Rxa7 h5 33.Nd5 e6 34.Nf6+ Kg7 35.Ne4 Kg8 36.Rb7 Bc6
37.Rxb6 Bxe4 38.fxe4 e5 39.Kg2 exd4 40.Rb8 Kg7 41.Rd8 Bc5 42.e5 Ba3 43.Rxd4 Bb2
44.Rd5 Kf8 45.Rb5 Bc3 46.Kf3 Ke7 47.Ke4 Kf8 48.Rb7 Kg8 49.Kd5 Kf8 50.Rc7 Bb2
51.Ke4 Ba3 52.Kf4 Bb4 53.Rd7 Ba3 54.Ke4  1-0

[Event "16th BCC Open 2016"]
[Site "Bangkok THA"]
[Date "2016.04.16"]
[Round "8.6"]
[White "Yeoh,L"]
[Black "Short,N"]
[Result "0-1"]
[WhiteElo "2400"]
[BlackElo "2671"]

1.e4 c5 2.c3 g6 3.d4 cxd4 4.cxd4 d5 5.e5 Nc6 6.Nc3 Nh6 7.Bf4 f6 8.Bb5 Bg7
9.exf6 exf6 10.Bxh6 Bxh6 11.Qf3 a6 12.Bxc6+ bxc6 13.Nge2 O-O 14.O-O g5 15.Qh5 Bg7
16.f4 Rb8 17.b3 Qe8 18.Qf3 Rb7 19.Rae1 Re7 20.f5 a5 21.Qd3 h5 22.Na4 g4 23.Nc5 Bh6
24.Qd1 Qf7 25.Ng3 Rfe8 26.Rxe7 Rxe7 27.Re1 Bg5 28.Ne6 Bxe6 29.Qe2 h4 30.Nf1 Qg7
31.fxe6 f5 32.Qc2 Qxd4+ 33.Kh1 Qf4 34.Qxc6 Qf2 35.Rd1 d4 36.Qd5 Bf6 37.Rc1 Kg7
38.h3 g3 39.Qxa5 Rxe6 40.Qa8 d3 41.Qb7+ Re7 42.Qb4 Re2 43.Qb7+ Be7 44.Qd5 d2  0-1

[Event "16th BCC Open 2016"]
[Site "Bangkok THA"]
[Date "2016.04.17"]
[Round "9.3"]
[White "Short,N"]
[Black "Vallejo Pons,F"]
[Result "0-1"]
[WhiteElo "2671"]
[BlackElo "2691"]

1.e4 c5 2.Nf3 e6 3.b3 b6 4.Bb2 Bb7 5.Nc3 a6 6.Qe2 Nc6 7.O-O-O b5 8.Kb1 Rc8
9.h4 h5 10.Rh3 Nd4 11.Qe1 Nf6 12.d3 d6 13.Ne2 e5 14.c3 Nc6 15.Ng5 Be7 16.d4 Qc7
17.f4 Ng4 18.d5 Nb8 19.fxe5 Nxe5 20.Nf4 Nbd7 21.Be2 g6 22.Qg3 c4 23.b4 Ra8
24.Rhh1 Bc8 25.Rhf1 Nf6 26.Rf2 Qd8 27.Rdf1 a5 28.Bc1 Ra6 29.Bd1 Bg4 30.Bc2 O-O
31.a3 Nh7 32.Nfh3 Bxh3 33.gxh3 Nxg5 34.hxg5 Qa8 35.h4 Re8 36.Bd1 Bf8 37.Be2 Bg7
38.Kc2 Re7 39.Qh3 axb4 40.cxb4 Rea7 41.Rf3 Nxf3 42.Rxf3 Qe8 43.Rf4  0-1